000
00329pab a2200133 454500
008
180718b1997 xxu||||| |||| 00| 0 eng d
245
_a
Thinking in organizations: special issue
260
_c
1997
300
_a
p.845-952
362
_a
Nov
650
_a
Organizations
773
_a
Journal of Management Studies
909
_a
36644
999
_c
36644
_d
36644